000 00981cam a22002653a 4500
001 3693
003 PGUSA
005 20140828083037.0
008 030101s2003||||xxu|||||s|||||000 1 eng d
040 _aPGUSA
_beng
042 _adc
050 4 _aPT
100 1 _aMühlbach, L.
_q(Luise),
_d1814-1873
245 1 0 _aLouisa of Prussia and Her Times :
_bA Historical Novel
_h[electronic resource] /
_cL. Mühlbach
260 _bProject Gutenberg,
_c2003
506 _aPublic domain in the USA.
516 _aElectronic text
653 _aLuise, Queen, consort of Frederick William III, King of Prussia, 1776-1810 -- Fiction
653 _aNapoleon I, Emperor of the French, 1769-1821 -- Fiction
653 _aNapoleonic Wars, 1800-1815 -- Campaigns -- Germany -- Prussia -- Fiction
653 _aPrussia (Germany) -- History -- Frederick William III, 1797-1840 -- Fiction
830 0 _aProject Gutenberg
_v3693
856 4 0 _uhttp://www.gutenberg.org/ebooks/3693
942 _cEB
999 _c233022
_d233022